000
00289nam a22001337a 4500
008
210519b ||||| |||| 00| 0 eng d
041
_a
eng
080
_a
7
082
_a
7
100
_a
44
101
_a
ART
245
_a
Finding one's way with Clay
_c
Paulus Berensohn
942
_2
udc
_c
BK
999
_c
57486
_d
57486